000 00643nam a2200181 4500
008 070914s1997 -hk chiYA
020 _a9623220204 :GO International
090 _aBR1289
_bL16
100 1 _aLam, Cyrus O.K.
245 1 0 _aThe new era of Chinese churches {ch} /
_cCyrus O.K. Lam
260 _aHongkong :
_bCCCOWE,
_cc1997.
300 _a296 p.
490 1 _a21st century series; 2 {ch}
651 4 _aChina
_xChurch history
_y21st century {ch}
651 4 _aChurch history
_xChina {ch}%
951 _pC-8645
_x00035389
_oSP-C CHBR1289/L16
_j070914145336031
_d2000-12-21
_cSP-C CH
999 _c30164
_d30164